000 00777nam a22002777a 4500
003 CHAP
005 20220329140723.0
008 971013s1966 r 00010 d
010 _a56524
011 _a57496
035 _a61651
040 _cCHAP
082 _a631.7
_bZ4
100 0 0 _aZimmerman, Josef D.
_9124041
245 _aIrrigation
260 _aNew York :
_bWiley,
_c1966
300 _a516 p.
_b: ilus.
590 _aBATCH-UPD
_b10
_c20130110
_lUCH01
_h1109
590 _aBATCH-UPD
_b10
_c20130410
_lUCH01
_h0700
590 _aBATCH-UPD
_b10
_c20130914
_lUCH01
_h1655
590 _aCONVERSION
_b10
_c20130109
_lUCH01
_h1330
650 1 4 _aIrrigación.
_960366
901 _aBK
942 _cLIBRO
949 _a631.7 Z4
_bBC
_cLIBRO
_d33724000168886
_eLIBRO
_h13827
_i61651
_si
999 _c56524
_d56524